000 00290nam a22001337a 4500
008 171023b xxu||||| |||| 00| 0 eng d
020 _a9780978569105
041 _aeng
080 _a338
100 _a54
101 _aMEN
245 _aTHE FACILITATIVE LEADER
_cRAY,R.G
942 _2udc
_cBK
999 _c35362
_d35362